000
00426nam a2200133Ia 4500
008
151001s9999||||xx |||||||||||||| ||und||
100
_a
विष्णू नारायण भातखंडे
245
_a
हिंदुस्थानी संगीत पध्दती
250
_a
4
260
_b
मालीनिबाई सुकथनकर
260
_c
1942
300
_a
743
365
_b
21
999
_c
976519
_d
976516